[Event "NK Jeugd A"]
[Site "Venlo NED"]
[Date "2009.05.01"]
[Round "8"]
[White "Kuipers,S"]
[Black "Pruijssers,R"]
[Result "1/2-1/2"]
[WhiteElo "2343"]
[BlackElo "2442"]

1.d4 Nf6 2.Bg5 Ne4 3.h4 d5 4.Nd2 Nxd2 5.Qxd2 Bf5 6.e3 h6 7.Bf4 e6 8.Bd3 Bxd3
9.Qxd3 Bd6 10.Qb5+ Nd7 11.Bxd6 cxd6 12.Qxb7 Rb8 13.Qxa7 Ra8 14.Qb7 Qa5+ 15.Kf1 Ke7
16.Qb3 Rhb8 17.Qd3 Rxb2 18.Nf3 Rxa2 19.Rxa2 Qxa2 20.Ne1 Rb8 21.Kg1 Rb1 22.Kh2 Qa1
23.Qe2 Nf6 24.Rg1 g5 25.hxg5 hxg5 26.Nf3 Rxg1 27.Nxg1 g4 28.g3 Ne4 29.Kg2 f5
30.c4 dxc4 31.Qxc4 Qa8 32.d5 Qxd5 33.Qc7+ Kf6 34.Qd8+ Kf7 35.Qd7+ Kf6  1/2-1/2

[Event "XXVIII Open"]
[Site "Zalakaros HUN"]
[Date "2009.05.09"]
[Round "2"]
[White "Istvanovszki,M"]
[Black "Rezsek,G"]
[Result "1-0"]
[WhiteElo "2183"]
[BlackElo "2102"]

1.d4 Nf6 2.Bg5 Ne4 3.Bf4 d5 4.f3 Nf6 5.Nc3 c6 6.e4 Qb6 7.Qd2 e6 8.O-O-O Bb4
9.Bg5 dxe4 10.Bxf6 e3 11.Qxe3 gxf6 12.Ne4 Nd7 13.Bc4 Be7 14.f4 Qa5 15.Bb3 b6
16.Ng3 f5 17.Nf3 Bb7 18.Bxe6 fxe6 19.Qxe6 Qd5 20.Rhe1 Qxe6 21.Rxe6 Nf8 22.Re3 Ng6
23.Nxf5 Kd8 24.Rde1 Bf8 25.Ng5 Kd7 26.g3 h6 27.Ne4 a5  1-0

[Event "31st Banicky kahanec"]
[Site "Prievidza SVK"]
[Date "2009.05.11"]
[Round "9"]
[White "Markos,J"]
[Black "Ftacnik,L"]
[Result "1/2-1/2"]
[WhiteElo "2571"]
[BlackElo "2559"]

1.d4 Nf6 2.Bg5 Ne4 3.Bf4 d5 4.e3 c5 5.f3 Qa5+ 6.c3 Nf6 7.Nd2 Nbd7 8.g4 e6
9.h4 Qb6 10.Qb3 c4 11.Qxb6 axb6 12.a3 b5 13.O-O-O Nb6 14.Ne2 h5 15.g5 Nfd7
16.g6 fxg6 17.Bh3 Kf7 18.Rdg1 Ra6 19.Rh2 Be7 20.Bg5 Bd6 21.f4 Nf6 22.Nf3 Ne4
23.Ne5+ Bxe5 24.fxe5 b4 25.cxb4 c3 26.Nxc3 Nxc3 27.Rf2+ Ke8 28.bxc3 Rxa3
29.Rgf1 Nc4 30.Rf7 Ra1+ 31.Kc2 Rxf1 32.Re7+ Kf8 33.Bxf1 Nxe3+ 34.Kd3 Nxf1
35.Rc7 Kg8 36.Rxc8+ Kh7 37.Rc7 b5 38.Re7 Nh2 39.Rxe6 Nf3 40.Rd6 Nxg5 41.hxg5 h4
42.Ke3 Rf8 43.Ra6 Rf5 44.e6 Rf1 45.Ke2 Rf4 46.Ke3 Rf1 47.Ke2  1/2-1/2

[Event "CICC Open"]
[Site "Calgary CAN"]
[Date "2009.05.17"]
[Round "7"]
[White "Kazmaier,D"]
[Black "Me,K"]
[Result "1/2-1/2"]
[WhiteElo "2135"]
[BlackElo "2116"]

1.d4 Nf6 2.Bg5 Ne4 3.Bf4 d5 4.f3 Nf6 5.e3 e6 6.Bd3 Nbd7 7.Nd2 c5 8.c3 Nh5
9.Bg3 Nxg3 10.hxg3 Bd6 11.f4 Qb6 12.Rb1 Nf8 13.Nh3 Bd7 14.Qg4 Ng6 15.Ng5 f5
16.Qh5 O-O-O 17.Qe2 Rdf8 18.Rxh7 Rxh7 19.Nxh7 Rh8 20.Ng5 Be7 21.Nh3 Nf8 22.Nf3 Be8
23.Ne5 Ng6 24.Nf3 Nf8 25.Ne5 Ng6 26.Nf3 Nf8  1/2-1/2

[Event "8th Asian Continental Open"]
[Site "Subic Bay PHI"]
[Date "2009.05.17"]
[Round "5"]
[White "Tu Hoang Thong"]
[Black "Gupta,Ab"]
[Result "1/2-1/2"]
[WhiteElo "2506"]
[BlackElo "2570"]

1.d4 Nf6 2.Bg5 Ne4 3.Bf4 d5 4.e3 c5 5.Bd3 Nf6 6.dxc5 Nc6 7.Nf3 e6 8.O-O Bxc5
9.Nbd2 O-O 10.a3 Be7 11.h3 b6 12.e4 Bb7 13.Re1 Rc8 14.Qe2 dxe4 15.Nxe4 Nd4
16.Nxd4 Qxd4 17.c3 Qd5 18.Nxf6+ Bxf6 19.Be4 Qxe4 20.Qxe4 Bxe4 21.Rxe4 Rfd8
22.Re2 Be7 23.Kf1 g5 24.Be3 f5 25.Bd4 Kf7 26.Rae1 Rc6 27.g4 f4 28.f3 Bf6
29.Bxf6 Kxf6 30.Re4 Rd3 31.Kf2 Rcd6 32.R1e2 Rd1 33.h4 h6 34.hxg5+ hxg5 35.Kg2 a5
36.a4 R1d5 37.Kf2 e5 38.b4 axb4 39.Rxb4 Rc5 40.Reb2 Rcc6 41.Ke2 Ke6 42.Rd2 Rxc3
43.Rxd6+ Kxd6 44.Rxb6+ Kd5 45.Rb5+ Kd4 46.Rb4+ Kd5  1/2-1/2

[Event "18th CRO-Cup"]
[Site "Sibenik CRO"]
[Date "2009.05.20"]
[Round "1"]
[White "Cebalo,M"]
[Black "Klobucar,D"]
[Result "1-0"]
[WhiteElo "2469"]
[BlackElo "2165"]

1.d4 Nf6 2.Bg5 Ne4 3.Bf4 d5 4.e3 e6 5.Bd3 Bd6 6.Bxe4 dxe4 7.Ne2 O-O 8.Nbc3 f5
9.Qd2 b6 10.O-O-O a5 11.h3 Ba6 12.g4 b5 13.gxf5 exf5 14.Bxd6 cxd6 15.Nf4 b4
16.Nce2 Rf7 17.d5 Bxe2 18.Qxe2 Nd7 19.Kb1 Nc5 20.Ne6 Qc8 21.Qc4 Re7 22.Nd4 Rf7
23.Rhg1 Qa6 24.Qxa6 Rxa6 25.Rg5 f4 26.Rdg1 fxe3 27.fxe3 Raa7 28.b3 a4 29.Nc6 axb3
30.axb3 Ra3 31.Nxb4 Rfa7 32.Kb2 R3a5 33.Nc6 Ra2+ 34.Kc3 Rc7 35.h4 Ne6 36.dxe6 Rxc6+
37.Kb4 Rc7 38.R1g2 h6 39.Rg6 Raxc2 40.Rxg7+ Rxg7 41.Rxc2 Rb7+ 42.Ka5 Rxb3
43.Rc8+ Kg7 44.e7  1-0

[Event "VI Moncada Open"]
[Site "Santiago de Cuba CUB"]
[Date "2009.05.23"]
[Round "7"]
[White "Douriet,A"]
[Black "Corrales Jimenez,Z"]
[Result "1-0"]
[WhiteElo "2302"]
[BlackElo "2245"]

1.d4 Nf6 2.Bg5 Ne4 3.Bf4 e6 4.f3 Bd6 5.Bxd6 Nxd6 6.e4 f5 7.Bd3 Qg5 8.Qd2 Qxd2+
9.Nxd2 b6 10.e5 Nf7 11.Ne2 Bb7 12.O-O g5 13.g4 f4 14.Ne4 Ke7 15.b4 Nc6 16.a3 h5
17.h3 hxg4 18.hxg4 Rh6 19.Kg2 Rah8 20.Rh1 Rxh1 21.Rxh1 Rxh1 22.Kxh1 d6 23.exd6+ cxd6
24.Kg2 d5 25.Nd2 Nd6 26.Kf2 Bc8 27.Nb3 a6 28.c3 e5 29.dxe5 Nxe5 30.Bh7 Bd7
31.Nbd4 Nec4 32.Nc2 Nb5 33.Bd3 Nbxa3 34.Nxa3 Nxa3 35.Bxa6 b5 36.Nd4 Kd6 37.Ke2 Kc7
38.Nb3 Nc4 39.Nc5 Nd6 40.Kd3 Bc6 41.Kd4 Kb6 42.Ke5 Nc4+ 43.Kf5 d4 44.cxd4 Ne3+
45.Kxg5 Nd5 46.Bc8 Ne7 47.Be6 Bxf3 48.Kxf4 Bd1 49.d5 Kc7 50.Ke5 Ng6+ 51.Kf6 Nf4
52.Kf5 Ng2 53.Ke5 Bf3 54.d6+ Kd8 55.g5 Nh4 56.Kf6  1-0

[Event "18th CRO-Cup"]
[Site "Sibenik CRO"]
[Date "2009.05.24"]
[Round "5"]
[White "Martinovic,Sa"]
[Black "Dizdarevic,E"]
[Result "1-0"]
[WhiteElo "2483"]
[BlackElo "2519"]

1.d4 Nf6 2.Bg5 Ne4 3.Bf4 c5 4.f3 Qa5+ 5.c3 Nf6 6.d5 Qb6 7.Bc1 e6 8.e4 exd5
9.exd5 d6 10.c4 Be7 11.Bd3 Nbd7 12.f4 Qd8 13.Nc3 O-O 14.Nf3 Ne8 15.Qc2 g6
16.f5 Ng7 17.g4 Bh4+ 18.Kf1 Ne5 19.Nxe5 dxe5 20.Kg2 Kh8 21.Rf1 b6 22.Kh1 Bd7
23.Qg2 gxf5 24.gxf5 Nh5 25.Qe2 Nf6 26.Qxe5 Rg8 27.Ne4 h5 28.Bd2 Kh7 29.Qf4  1-0

[Event "TCh-UKR Teams"]
[Site "Alushta UKR"]
[Date "2009.05.27"]
[Round "7"]
[White "Andreikin,D"]
[Black "Ajrapetjan,Y"]
[Result "1-0"]
[WhiteElo "2625"]
[BlackElo "2531"]

1.d4 Nf6 2.Bg5 Ne4 3.Bf4 c5 4.d5 d6 5.f3 Nf6 6.e4 g6 7.Nc3 Bg7 8.Qd2 O-O
9.Bh6 e5 10.dxe6 Bxe6 11.Bxg7 Kxg7 12.Nge2 Nc6 13.Nf4 Nd4 14.O-O-O Qa5 15.a3 Rad8
16.h4 h6 17.Nce2 Qxd2+ 18.Rxd2 Nxe2+ 19.Bxe2 g5 20.hxg5 hxg5 21.Nxe6+ fxe6
22.Rhd1 d5 23.Bc4 g4 24.exd5 b5 25.Bxb5 exd5 26.Bc4 d4 27.c3 gxf3 28.gxf3 Nh5
29.cxd4 Rf4 30.Rh1 Rdxd4 31.Rxd4 Rxd4 32.Rxh5 Rxc4+ 33.Kd2 Kg6 34.Rd5 Rh4
35.Rxc5 Rh2+ 36.Kc1 Kf6 37.Rc7 Ke6 38.Rxa7 Rf2 39.Rc7 Rxf3 40.Rc3 Rf2 41.Rd3  1-0

[Event "XXXI Nezhmetdinov Mem"]
[Site "Kazan RUS"]
[Date "2009.06.03"]
[Round "4"]
[White "Protsenko,E"]
[Black "Belskiy,A"]
[Result "0-1"]
[WhiteElo "1898"]
[BlackElo "1618"]

1.d4 Nf6 2.Bg5 Ne4 3.Bf4 e6 4.f3 Nf6 5.c3 d5 6.Nd2 c5 7.dxc5 Bxc5 8.Nb3 Bb6
9.Bg5 Ne4 10.fxe4 Qxg5 11.exd5 exd5 12.Nf3 Qe3 13.Nbd4 Nc6 14.Qd2 Qe4 15.e3 O-O
16.Bd3 Qe7 17.O-O Ne5 18.Nxe5 Qxe5 19.Kh1 Bc7 20.Nf3 Qh5 21.h3 g5 22.Be2 g4
23.Nh2 Qe5 24.Rf4 gxh3 25.gxh3 Bxh3 26.Ng4 Bxg4 27.Rxg4+ Kh8 28.Rh4 Qg3 29.Rh5 Rg8
30.Qxd5 Rg7 31.Qf3 Qg6 32.Rf1 Rag8 33.Qf2 Qe6 34.Bf3 Rg3 35.Rh2 Rh3 36.Bg4 Qxg4
37.Qf6+ Rg7  0-1

[Event "12th IHEM"]
[Site "Hamburg GER"]
[Date "2009.06.06"]
[Round "8"]
[White "Kopisch,M"]
[Black "Hawranke,D"]
[Result "1/2-1/2"]
[WhiteElo "2142"]
[BlackElo "2176"]

1.d4 Nf6 2.Bg5 Ne4 3.Bf4 d5 4.Nd2 Bf5 5.Nxe4 Bxe4 6.Nf3 e6 7.e3 Bd6 8.Be2 Bxf4
9.exf4 Qd6 10.Qd2 Nd7 11.O-O Bxf3 12.Bxf3 O-O  1/2-1/2

[Event "XLIV Capablanca Memorial Open"]
[Site "Havana CUB"]
[Date "2009.06.09"]
[Round "2"]
[White "Hevia,A"]
[Black "Cori,J"]
[Result "1-0"]
[WhiteElo "2332"]
[BlackElo "2418"]

1.d4 Nf6 2.Bg5 Ne4 3.Bf4 d5 4.e3 g6 5.Bd3 Nd6 6.Nd2 Bg7 7.c4 dxc4 8.Nxc4 O-O
9.Rc1 Nc6 10.Nf3 Nb4 11.Bb1 Be6 12.b3 c5 13.Nxd6 exd6 14.O-O Qb6 15.Bg3 Rad8
16.h3 Qa6 17.Qd2 Qb6 18.Rfd1 a5 19.e4 Rfe8 20.Bh4 Rc8 21.d5 Bd7 22.Qf4 Bb5
23.a3 Na6 24.Re1 Qc7 25.a4 Bd7 26.Bg3 Rcd8 27.Bh4 Ra8 28.Bf6 Nb4 29.Rcd1 Bxf6
30.Qxf6 Ra6 31.Qh4 Bc8 32.e5 dxe5 33.Ng5 f5 34.d6 Qg7 35.Qc4+ Kf8 36.Qxc5 Bd7
37.Qc7 h6 38.Nf3 e4 39.Nh4 g5 40.Nxf5 Bxf5 41.d7 Bxd7 42.Rxd7 Qf6 43.Rxe4 Rae6
44.Qc5+ Kg8 45.Qc4 b6 46.Re3 Kh8 47.Rh7+ Kg8 48.Rc7 Kh8 49.Rh7+ Kg8 50.g3 Nc6
51.Rc7 Ne5 52.Qe4 R6e7 53.Qd5+ Kg7 54.Rxe5 Rxc7 55.Rxe8 Rf7 56.Qe5 Qxe5 57.Rxe5 Rd7
58.Be4 Kf6 59.Rb5 Rd6 60.Kg2  1-0

[Event "13th FIDE Open"]
[Site "Voronezh RUS"]
[Date "2009.06.14"]
[Round "3"]
[White "Elfert,A"]
[Black "Magrifin,I"]
[Result "0-1"]
[WhiteElo "1964"]
[BlackElo "2187"]

1.d4 Nf6 2.Bg5 Ne4 3.Bf4 d5 4.f3 Nf6 5.Qd3 e6 6.Nd2 Be7 7.e4 O-O 8.e5 Nfd7
9.Ne2 c5 10.c3 Nc6 11.Rc1 Re8 12.h4 f6 13.exf6 Bxf6 14.Bg5 e5 15.Bxf6 gxf6
16.Kd1 Qb6 17.Qf5 Qd8 18.Ng3 cxd4 19.Bb5 dxc3 20.Rxc3 Nd4 21.Qd3 Qa5 22.a4 Kh8
23.Nf5 Nxb5 24.axb5 Nb6 25.Nd6 Re7 26.Nxc8 Rxc8 27.Rxc8+ Nxc8 28.Qf5 Qa1+
29.Nb1 Qa4+ 30.Ke1 Qa5+ 31.Nc3 Rc7 32.Qxf6+ Kg8 33.Rh3 Qa1+ 34.Kf2 Qxb2+
35.Ne2 Rg7 36.Qe6+ Kh8 37.Qf6 Qxb5 38.Ke1 Ne7 39.Rg3 Ng6  0-1

[Event "13th Master Open"]
[Site "Voronezh RUS"]
[Date "2009.06.16"]
[Round "5"]
[White "Ponkratov,P"]
[Black "Stets,D"]
[Result "1-0"]
[WhiteElo "2579"]
[BlackElo "2422"]

1.d4 Nf6 2.Bg5 Ne4 3.Bf4 c5 4.f3 Qa5+ 5.c3 Nf6 6.Nd2 cxd4 7.Nc4 Qf5 8.Qxd4 Nc6
9.Qe3 Qe6 10.Qxe6 fxe6 11.e4 Nh5 12.Be3 e5 13.a4 d6 14.Na3 g6 15.Nb5 Kd7
16.Bc4 Bg7 17.Ne2 Rf8 18.b4 Nf4 19.Kf2 g5 20.g3 Nxe2 21.Kxe2 Bf6 22.a5 Kd8
23.g4 Bd7 24.h4 h6 25.a6 b6 26.Bd5 Rb8 27.Bxc6 Bxc6 28.Nxa7 Ba8 29.c4 Kd7
30.hxg5 Bxg5 31.Bxg5 hxg5 32.Rh5 Rg8 33.Rh7 Rbf8 34.Rd1 Rf6 35.Rd3 Rgf8 36.Nb5 Bxe4
37.fxe4 Rf2+ 38.Kd1 Ra2 39.Rxd6+ Kc8 40.Rd2 Rxa6 41.Rxe7 Ra1+ 42.Kc2  1-0

[Event "13th FIDE Open"]
[Site "Voronezh RUS"]
[Date "2009.06.17"]
[Round "6"]
[White "Provkin,V"]
[Black "Avtsynov,A"]
[Result "1-0"]
[WhiteElo "2254"]
[BlackElo "1876"]

1.d4 Nf6 2.Bg5 Ne4 3.Bf4 g5 4.Bc1 h6 5.f3 Nf6 6.e4 d6 7.Nc3 Bg7 8.Be3 Nc6
9.Nge2 Bd7 10.Qd2 e5 11.d5 Ne7 12.h4 gxh4 13.Rxh4 Ng6 14.Rh1 h5 15.O-O-O a6
16.Kb1 Qe7 17.Nc1 O-O-O 18.Nb3 Kb8 19.Bg1 c5 20.dxc6 Bxc6 21.Qf2 Nd7 22.Qa7+ Kc7
23.Na5 Ra8 24.Nxc6 Kxc6 25.Qf2 Qd8 26.Bc4 Ne7 27.Bxf7 Nf6 28.Na4 b5 29.Nb6 Rb8
30.Nd5 Nexd5 31.exd5+ Kd7 32.Qa7+ Qc7 33.Be6+ Kd8 34.Qf2 Ke7 35.Qg3 Kf8 36.Be3 Rb7
37.Qg6 Qc4 38.Bg5 Ne8 39.Qf5+  1-0

[Event "13th FIDE Open"]
[Site "Voronezh RUS"]
[Date "2009.06.18"]
[Round "7"]
[White "Chernyshova,N"]
[Black "Sakharov,L"]
[Result "0-1"]
[WhiteElo "1955"]
[BlackElo "2148"]

1.d4 Nf6 2.Bg5 Ne4 3.Bf4 f5 4.Nd2 Nf6 5.e3 b6 6.Ngf3 Bb7 7.Bc4 e6 8.Qe2 Nc6
9.O-O-O a6 10.h4 b5 11.Bd3 Nb4 12.Kb1 Nxd3 13.Qxd3 Be7 14.Rdg1 Rc8 15.Ka1 c5
16.c3 b4 17.c4 d5 18.Ng5 Qb6 19.f3 O-O 20.Rh3 Rfd8 21.cxd5 Bxd5 22.e4 c4
23.Qe3 fxe4 24.fxe4 Ba8 25.Rc1 c3 26.bxc3 bxc3 27.Rxc3 Bb4 28.Rxc8 Rxc8 29.Qb3 Qxd4+
30.Kb1 Qg1+ 31.Kb2 Qc1+  0-1

[Event "13th Master Open"]
[Site "Voronezh RUS"]
[Date "2009.06.19"]
[Round "8"]
[White "Bocharov,D"]
[Black "Ulko,J"]
[Result "1-0"]
[WhiteElo "2606"]
[BlackElo "2489"]

1.d4 Nf6 2.Bg5 Ne4 3.Bf4 d5 4.f3 Nf6 5.Nc3 e6 6.e4 Bb4 7.Qd3 c6 8.Ne2 b6
9.O-O-O Ba6 10.Qe3 Qc8 11.g4 h6 12.Rg1 Nbd7 13.h4 Bxc3 14.Nxc3 Bxf1 15.Rdxf1 Qa6
16.g5 hxg5 17.hxg5 Nh5 18.exd5 Nxf4 19.dxc6 Rh4 20.cxd7+ Kxd7 21.Rd1 Qc4
22.Qe5 Rc8 23.Kb1 Nd5 24.Nxd5 exd5 25.Rg2 g6 26.Re2 Rch8 27.b3  1-0

[Event "Open"]
[Site "Teplice CZE"]
[Date "2009.06.20"]
[Round "8"]
[White "Vondra,Z"]
[Black "Stastny,Pe"]
[Result "1-0"]
[WhiteElo "2155"]
[BlackElo "2002"]

1.d4 Nf6 2.Bg5 Ne4 3.Bf4 d5 4.f3 Nf6 5.e4 dxe4 6.Nc3 Nd5 7.Nxd5 Qxd5 8.Bxc7 Nc6
9.c3 Bf5 10.Qb3 Qxb3 11.axb3 Rc8 12.Bf4 e6 13.b4 Nxd4 14.cxd4 Bxb4+ 15.Bd2 Bxd2+
16.Kxd2 exf3 17.Nxf3 Rc2+ 18.Ke3 Rxb2 19.Rxa7 O-O 20.Nd2 g5 21.Bd3 Rd8 22.Bxf5 exf5
23.Rb1 f4+ 24.Kd3 Rxd4+ 25.Kxd4 Rxd2+ 26.Ke4 Rd6 27.Rbxb7 Rf6 28.Kf3 Kg7
29.Ra5 h6 30.h3 Kg6 31.Rba7 Kh5 32.R7a6 Rg6 33.Rxg6 fxg6 34.Ra6 Kh4 35.Rxg6 h5
36.Rh6  1-0

[Event "2nd Marshall CC Int"]
[Site "New York USA"]
[Date "2009.06.22"]
[Round "7"]
[White "Stripunsky,A"]
[Black "Arnold,Mar"]
[Result "1-0"]
[WhiteElo "2556"]
[BlackElo "2408"]

1.d4 Nf6 2.Bg5 Ne4 3.Bf4 e6 4.Nd2 Nxd2 5.Qxd2 d5 6.e3 Nd7 7.Bd3 Bd6 8.Nf3 Nf6
9.c3 Qe7 10.h4 Bd7 11.h5 h6 12.Ne5 O-O-O 13.f3 Be8 14.O-O-O Nd7 15.Nxd7 Bxd7
16.e4 Bxf4 17.Qxf4 dxe4 18.Bxe4 Qg5 19.Qd2 Qxd2+ 20.Rxd2 Rhe8 21.f4 Re7 22.Re1 Rde8
23.Rd3 Bc6 24.Bxc6 bxc6 25.Rg3 f6 26.Rge3 Kd7 27.Kc2 Kd6 28.b4 a5 29.f5 e5
30.dxe5+ Rxe5 31.Rd3+ Ke7 32.Rxe5+ fxe5 33.Rg3 e4 34.Rg6 Ra8 35.Kb3 axb4
36.cxb4 c5 37.bxc5 Ra5 38.Re6+ Kf7 39.Rxe4 Rxc5 40.g4 Rb5+ 41.Rb4 Re5 42.Rc4 c5
43.Ka4 Re2 44.a3 Ke7 45.Rxc5 Re4+ 46.Kb5 Rxg4 47.a4 Kd6 48.a5 Rg1 49.Kb6 Rb1+
50.Rb5 Rc1 51.a6  1-0

[Event "Open"]
[Site "Albena BUL"]
[Date "2009.06.24"]
[Round "5"]
[White "Iotov,V"]
[Black "Spiridonov,Niko1"]
[Result "1-0"]
[WhiteElo "2581"]
[BlackElo "2359"]

1.d4 Nf6 2.Bg5 Ne4 3.Bf4 d5 4.e3 c5 5.Bd3 Nc6 6.Bxe4 dxe4 7.d5 Nb4 8.Nc3 e6
9.d6 Qa5 10.Qd2 Bd7 11.Rd1 f5 12.f3 h6 13.fxe4 fxe4 14.a3 Nc6 15.Nxe4 Qxd2+
16.Rxd2 b6 17.Nf3 O-O-O 18.O-O e5 19.Bg3 Bf5 20.Nfg5 g6 21.Nf7 Bg7 22.Nxh8 Rxh8
23.Nc3 Rd8 24.b3 Na5 25.e4 Nb7 26.Nb5 Be6 27.Nc7 a6 28.Rfd1 Bg8  1-0

[Event "1st Int"]
[Site "Villa De Aranjuez ESP"]
[Date "2009.06.26"]
[Round "8"]
[White "Lopez del Alamo,An"]
[Black "Molina,Jo"]
[Result "0-1"]
[WhiteElo "2331"]
[BlackElo "2132"]

1.d4 Nf6 2.Bg5 Ne4 3.Bf4 d5 4.e3 e6 5.Bd3 b6 6.Ne2 Nd7 7.O-O Bb7 8.c3 Bd6
9.Qc2 Qe7 10.f3 Nef6 11.e4 e5 12.Bg5 dxe4 13.fxe4 O-O-O 14.Nd2 h6 15.Bh4 g5
16.Bg3 Nf8 17.Nc4 Ng6 18.Rf5 Nd7 19.b4 Kb8 20.a4 Nf4 21.d5 Bc8 22.a5 Nf6
23.Ne3 N6h5 24.axb6 cxb6 25.Ba6 Ng7 26.Bxc8 Rxc8 27.Qa2  0-1

[Event "1st Int Open"]
[Site "Perugia ITA"]
[Date "2009.06.27"]
[Round "1"]
[White "Nepi,E"]
[Black "Vuelban,V"]
[Result "0-1"]
[WhiteElo "1848"]
[BlackElo "2422"]

1.d4 Nf6 2.Bg5 Ne4 3.Bf4 c5 4.f3 Qa5+ 5.c3 Nf6 6.Nd2 cxd4 7.Nb3 Qd8 8.Nxd4 d6
9.Bg5 e6 10.e4 a6 11.Bd3 Be7 12.Nge2 O-O 13.O-O Qb6 14.Qb3 Qa5 15.Be3 Nbd7
16.Qd1 Ne5 17.Ng3 Re8 18.Be2 Qc7 19.f4 Nc4 20.Bxc4 Qxc4 21.Qf3 Bd7 22.Nh5 Nxh5
23.Qxh5 Qd3 24.Qf3 Bc6 25.Nxc6 bxc6 26.Rad1 Qc4 27.a3 Rab8 28.Bc1 d5 29.e5 g6
30.Kh1 c5 31.Rfe1 Rb3 32.Qe2 Qb5 33.Qxb5 axb5 34.Rd3 b4 35.axb4 cxb4 36.Red1 Rc8
37.cxb4 Rxd3  0-1

[Event "Open"]
[Site "Pula CRO"]
[Date "2009.06.30"]
[Round "4"]
[White "Martinovic,Sa"]
[Black "Roth,Jos"]
[Result "1-0"]
[WhiteElo "2483"]
[BlackElo "2121"]

1.d4 Nf6 2.Bg5 Ne4 3.Bf4 d5 4.e3 c6 5.Bd3 Qb6 6.Bxe4 dxe4 7.Nc3 Qxb2 8.Nge2 Nd7
9.Nxe4 g6 10.O-O Bg7 11.Qd3 Qb6 12.a4 Qa5 13.Qa3 Nf6 14.Nxf6+ Bxf6 15.e4 b6
16.Rfd1 Bg4 17.f3 Bd7 18.c4 e5 19.Qd6 exf4 20.Qxf6 O-O 21.Qxf4 Qb4 22.Rdc1 c5
23.d5 Bxa4 24.e5 Bd7 25.Rcb1  1-0

[Event "Brama Lubawska"]
[Site "Lubawka POL"]
[Date "2009.07.01"]
[Round "4"]
[White "Stepinski,S"]
[Black "Koscielny,E"]
[Result "0-1"]
[WhiteElo "1992"]
[BlackElo "1901"]

1.d4 Nf6 2.Bg5 Ne4 3.Bh4 d5 4.f3 Nd6 5.Nc3 c6 6.e4 Qa5 7.a3 dxe4 8.b4 Qh5
9.Bf2 exf3 10.Nxf3 Bg4 11.Be2 g6 12.O-O Bg7 13.h3 Bxf3 14.Bxf3 Qg5 15.Qd3 e6
16.Be3 Qd8 17.Rad1 Nf5 18.Bf2 O-O 19.Ne4 Na6 20.c3 Nd6 21.Bg3 Nxe4 22.Qxe4 Nc7
23.c4 a5 24.Be5 Bxe5 25.dxe5 Qe7 26.Rd6 axb4 27.axb4 Ne8 28.c5 Nxd6 29.cxd6 Qd7
30.Rd1 f6 31.exf6 Rxf6 32.Bg4 Raf8 33.Kh2 Kg7 34.Qe5 Kf7 35.Re1 Rd8 36.Rd1 h5
37.Be2 Rf5 38.Qe3 Rd5 39.Rf1+ Kg8 40.Qh6 Qg7 41.Qc1 Qe5+ 42.Kh1  0-1

[Event "Open"]
[Site "Pula CRO"]
[Date "2009.07.02"]
[Round "7"]
[White "Perhinig,R"]
[Black "Kadric,D"]
[Result "1-0"]
[WhiteElo "2300"]
[BlackElo "2133"]

1.d4 Nf6 2.Bg5 Ne4 3.Bf4 e6 4.e3 Bd6 5.Bxd6 Nxd6 6.Bd3 Nc6 7.c4 b6 8.a3 a5
9.f4 Bb7 10.Nf3 f5 11.Nc3 Qf6 12.O-O O-O 13.Rb1 Ne7 14.b4 Bxf3 15.Rxf3 axb4
16.axb4 Ra3 17.Qc2 c5 18.Ne2 Rc8 19.Rb3 cxb4 20.Rxa3 bxa3 21.Qb3 Ng6 22.Rf1 Qd8
23.Rc1 Ra8 24.Ra1 Qc7 25.Nc3 Rc8 26.Rc1 Qc6 27.Qxa3 Nf8 28.Qb3 Nxc4 29.Nb5 Na5
30.Rxc6 dxc6 31.Qc2  1-0

[Event "Ch-Paris Int"]
[Site "Coubertin FRA"]
[Date "2009.07.04"]
[Round "1"]
[White "Tugui,A"]
[Black "Negi,P"]
[Result "0-1"]
[WhiteElo "2364"]
[BlackElo "2590"]

1.d4 Nf6 2.Bg5 Ne4 3.Bh4 c6 4.Nd2 Qa5 5.c3 Qh5 6.Ngf3 d5 7.Rg1 Bg4 8.Qb3 b6
9.Bg3 Nxg3 10.hxg3 Nd7 11.Qa4 Qh6 12.Qa6 e5 13.Nxe5 Nxe5 14.dxe5 d4 15.Qc4 Rd8
16.cxd4 b5 17.Qc3 c5 18.e3 Qb6 19.dxc5 Bxc5 20.Ne4 Be7 21.Nd6+ Bxd6 22.exd6 O-O
23.Qc7 Qa6 24.Qc5 Rxd6 25.Bxb5 Qxa2 26.Qa3 Qd5 27.f3 Qd2+ 28.Kf1 Rb8 29.Be2 Rxb2
30.Re1 Bd7 31.Qxa7 h6 32.g4 Bb5 33.Qb8+ Rd8 34.Qxb5 Rxb5 35.Bxb5 Rb8 36.Re2 Qc3
37.Ba6 Qxe3 38.Rh1  0-1

[Event "8th Open"]
[Site "La Fere FRA"]
[Date "2009.07.06"]
[Round "4"]
[White "Hutin,E"]
[Black "Blondel,F"]
[Result "1-0"]
[WhiteElo "1919"]
[BlackElo "1616"]

1.d4 Nf6 2.Bg5 Ne4 3.Bf4 e6 4.Nd2 Nxd2 5.Qxd2 d5 6.Nf3 Nd7 7.e3 Be7 8.Bd3 Nf6
9.Ne5 O-O 10.O-O-O c5 11.c3 c4 12.Bb1 Bd7 13.Qc2 b5 14.Ng4 g6 15.Nxf6+ Bxf6
16.Bh6 Bg7 17.Bxg7 Kxg7 18.h4 e5 19.dxe5 Bf5 20.Qd2 Be6 21.h5 a5 22.hxg6 hxg6
23.e4 Rh8 24.exd5 Bd7 25.Qd4 f6 26.Rxh8 Qxh8 27.exf6+ Kf7 28.d6 Qh6+ 29.f4 Rh8
30.Re1 Re8 31.Re7+ Rxe7 32.dxe7 Qh1+ 33.Qd1 Qxd1+ 34.Kxd1 Kxf6 35.Ke2 Be8
36.Ke3 Kxe7 37.Kd4 Kd6 38.g4 Bf7 39.Be4 Be8 40.Bd5 Bd7 41.g5 Be8 42.Be4 Bf7
43.a3 a4 44.f5 gxf5 45.Bxf5 Be8 46.g6 Ke7 47.Kc5 Kf6 48.Be4 Bd7 49.Bc6 Bg4
50.Bxb5 Bd1 51.Kxc4 Kxg6 52.Kb4  1-0

[Event "37th Greek Teams"]
[Site "Kallithea GRE"]
[Date "2009.07.08"]
[Round "8"]
[White "Ignatiadis,K"]
[Black "Bunis,V"]
[Result "0-1"]
[WhiteElo "2227"]
[BlackElo "2259"]

1.d4 Nf6 2.Bg5 Ne4 3.Bf4 d5 4.f3 Nf6 5.Nc3 c6 6.Qd3 b6 7.O-O-O Ba6 8.Qd2 e6
9.g4 Bd6 10.g5 Nh5 11.Bxd6 Qxd6 12.Nh3 Nd7 13.Bg2 O-O-O 14.e4 h6 15.f4 hxg5
16.Nxg5 Rdf8 17.e5 Qe7 18.f5 Rh6 19.f6 gxf6 20.Nxf7 Rh7 21.Nd6+ Kb8 22.Qe3 fxe5
23.dxe5 Nf4 24.Bf1 Bxf1 25.Rdxf1 Ng6  0-1

[Event "Matskevich Mem GM"]
[Site "Kharkiv UKR"]
[Date "2009.07.09"]
[Round "1"]
[White "Shpagin,V"]
[Black "Simantsev,M"]
[Result "0-1"]
[WhiteElo "2362"]
[BlackElo "2527"]

1.d4 Nf6 2.Bg5 Ne4 3.Bh4 c5 4.f3 g5 5.fxe4 gxh4 6.e3 Bh6 7.Kf2 cxd4 8.exd4 e5
9.Nf3 Nc6 10.c3 d5 11.Nbd2 exd4 12.cxd4 O-O 13.Bd3 Nxd4 14.exd5 Nxf3 15.Nxf3 Qb6+
16.Kf1 Qxb2 17.Qe1 h3 18.Qg3+ Bg7 19.Rd1 Qxa2 20.gxh3 Kh8 21.Rg1 Bf6 22.Be2 Re8
23.Rg2 Qc2 24.Qf4 Qf5 25.Rg4 Rg8 26.d6 Rxg4 27.Qxg4 Qxg4 28.hxg4 Bxg4 29.Rb1 b6
30.Nd2 Bh3+ 31.Kg1 Bd4+ 32.Kh1 Rd8  0-1

[Event "XXXII Open"]
[Site "Barbera ESP"]
[Date "2009.07.10"]
[Round "7"]
[White "Canal Oliveras,J"]
[Black "Perpinya Rofes,L"]
[Result "1-0"]
[WhiteElo "2248"]
[BlackElo "2387"]

1.d4 Nf6 2.Bg5 Ne4 3.Bh4 c5 4.f3 g5 5.fxe4 gxh4 6.e3 Bh6 7.Bc4 d5 8.Bxd5 e6
9.Bb3 Bxe3 10.Nf3 cxd4 11.Nbd2 Qa5 12.Qe2 b6 13.O-O-O Ba6 14.Qe1 Nd7 15.Kb1 O-O-O
16.Qxh4 Nc5 17.Nc4 Bxc4 18.Bxc4 Na4 19.Qe1 Qxe1 20.Rhxe1 Nc5 21.c3 Bh6 22.cxd4 Nd7
23.d5 Nc5 24.Ne5 Rhf8 25.b4 exd5 26.Bxd5 Na4 27.Kc2 Nc3 28.Rd3 Nxd5 29.exd5 Kb7
30.Rh3 Bf4 31.g3 Bxe5 32.Rxe5 Rc8+ 33.Kd3 Ka6 34.Rxh7 Kb5 35.Re7 Rfd8 36.Kd4 a6
37.Rhxf7 Kxb4 38.Rc7 Ra8 39.Rc6 b5 40.d6 Ka3 41.Kd5 Kxa2 42.Rc3 Kb2 43.Re3 Rac8
44.Rf2+ Rc2 45.Rxc2+ Kxc2 46.Ra3  1-0

[Event "XXXII Open"]
[Site "Barbera ESP"]
[Date "2009.07.11"]
[Round "8"]
[White "Rojas Keim,L"]
[Black "Colon Garcia,E"]
[Result "0-1"]
[WhiteElo "2453"]
[BlackElo "2173"]

1.d4 Nf6 2.Bg5 Ne4 3.Bf4 e6 4.Qd3 d5 5.f3 Bd6 6.Bxd6 Nxd6 7.Nd2 O-O 8.O-O-O b6
9.e4 Ba6 10.Qe3 Bxf1 11.Rxf1 Nd7 12.e5 Nf5 13.Qd3 c5 14.c3 cxd4 15.cxd4 Qg5
16.Ne2 Qe3 17.Qxe3 Nxe3 18.Rf2 Rac8+ 19.Kb1 Nb8 20.Nc3 Nc6 21.Nb3 Nf5 22.Rd1 f6
23.exf6 gxf6 24.Re2 Kf7 25.g4 Nd6 26.a3 h5 27.h3 Rh8 28.Rd3 hxg4 29.fxg4 Rh4
30.Rde3 Re8 31.Nd1 Ne4 32.Nf2 Nxf2 33.Rxf2 Reh8 34.Ref3 Rxh3 35.Rxf6+ Ke7
36.Rf7+ Kd6 37.Ka2 a5 38.Rb7 a4 39.Nc1 Nxd4 40.Rxb6+ Kc5 41.Rb4 e5 42.Rxa4 e4
43.Ra5+ Kd6 44.Rd2 Ke5 45.g5 Rh2 46.Rxh2 Rxh2 47.Ra8 Rg2 48.Rg8 Rg1 49.g6 Rxc1
50.g7 Kf6 51.Rd8 Kxg7 52.Rxd5 e3 53.Rxd4 e2 54.Re4 e1=Q 55.Rxe1 Rxe1 56.Kb3 Re4  0-1

[Event "Matskevich Mem GM"]
[Site "Kharkiv UKR"]
[Date "2009.07.11"]
[Round "3"]
[White "Shpagin,V"]
[Black "Gomozov,I"]
[Result "1/2-1/2"]
[WhiteElo "2362"]
[BlackElo "2298"]

1.d4 Nf6 2.Bg5 Ne4 3.Bf4 d5 4.Nd2 Nxd2 5.Qxd2 Bf5 6.e3 e6 7.Nf3 Bd6 8.Bd3 Bxd3
9.Qxd3 Bxf4 10.exf4 O-O 11.O-O h6 12.f5 exf5 13.Qxf5 Qd7 14.Qxd7 Nxd7  1/2-1/2

[Event "1st Artemis Cup"]
[Site "Leros GRE"]
[Date "2009.07.11"]
[Round "1"]
[White "Miroshnichenko,E"]
[Black "Albrecht,A"]
[Result "1-0"]
[WhiteElo "2696"]
[BlackElo "1975"]

1.d4 Nf6 2.Bg5 Ne4 3.Bf4 d5 4.e3 c5 5.Bd3 Nd6 6.dxc5 Qa5+ 7.Nc3 Qxc5 8.Bxd6 Qxd6
9.Bb5+ Nc6 10.Qxd5 e6 11.Qxd6 Bxd6 12.O-O-O Ke7 13.Nf3 Rd8 14.Ne4 Bc7 15.c3 Rb8
16.Bxc6 bxc6 17.Rxd8 Kxd8 18.Rd1+ Ke7 19.Nd4 Rb6 20.b4 f5 21.Nc5 e5 22.Ndb3 g5
23.f3 h5 24.e4 f4 25.h3 Kf7 26.Nd7 g4 27.hxg4 hxg4 28.a4 Ke7 29.Nxb6 axb6
30.Rh1 Be6 31.Kc2 Bd6 32.Rh7+ Kd8 33.a5 bxa5 34.Nxa5 Bd7 35.Nb7+ Kc7 36.Nxd6 Kxd6
37.Rxd7+ Kxd7  1-0